000 00305nam a22001457a 4500
003 SGT
082 _a343.7,QUR
100 _aQURESHI,A.H
245 _aINTERNATIONAL ECONOMIC LAW
250 _a3RD
260 _aLONDAN
_bSWEET & MAXWELL
_c2011
300 _a682
650 _aECONOMIC LAW
942 _2ddc
_cBK
999 _c9573
_d9573